000 00869cam a2200277 4500
008 090401t1996 xxu||||| |||| 00| 0 eng d
020 _a0752001825
035 _a(Sirsi) u66569
041 _aeng
050 _a346.4104344
100 _aKemp, Margaret
245 _aDrafting and negotiating rent review clauses.
260 _aLondon
_bFT Law & Tax
_c1996
300 _axix,263p. ; 24cm.
350 _a55
520 _aA practical guide dealing review to market rent, index linked rents, turnover rents and other special cases. Includes many examples and specimen clauses in the text.
650 _aHEADLINE RENTS
650 _aINDEX LINKED RENTS
650 _aMARKET RENT
650 _aRENT REVIEW CLAUSES
650 _aRENT REVIEWS
650 _aTURNOVER RENTS
690 _aLANDLORD AND TENANT-RENT REVIEWS
942 _n0
948 _c04/03/1997
999 _c94897
_d94897